[Event "Budapest SixDays 09 IM"]
[Site "Budapest"]
[Date "2022.09.18"]
[Round "5"]
[White "Wong, Jianwen"]
[Black "Player, Edmund C"]
[Result "0-1"]
[WhiteElo "2227"]
[BlackElo "2218"]
[PlyCount "122"]
[EventDate "2022.09.15"]
[EventType "tourn"]
[EventRounds "9"]
[EventCountry "HUN"]
[EventCategory "2"]
[SourceTitle "CBM 210 Extra"]
[Source "ChessBase"]
[SourceDate "2022.11.30"]
[SourceVersion "1"]
[SourceVersionDate "2022.11.30"]
[SourceQuality "1"]

1. c4 c5 2. Nc3 Nc6 3. g3 g6 4. Bg2 Bg7 5. Nf3 d6 6. 0-0 e5 7. a3 Nge7 8. b4 Be6 9. Ng5 Bc8 10. Rb1 h6 11. Nf3 Rb8 12. e3 Be6 13. b5 Na5 14. d3 d5 15. cxd5 Nxd5 16. Nxd5 Bxd5 17. Bb2 0-0 18. e4 Ba2 19. Ra1 Bb3 20. Qd2 Be6 21. Rad1 Nb3 22. Qe3 Qd6 23. Nd2 Nxd2 24. Rxd2 Rfd8 25. Rc1 b6 26. Bf1 Rb7 27. Rdc2 Kh7 28. Bc3 h5 29. Rb1 Bh6 30. Qe1 Re7 31. Rcb2 Bg4 32. a4 Qe6 33. a5 Bh3 34. Be2 Bg4 35. Bf1 h4 36. axb6 axb6 37. Ra1 hxg3 38. hxg3 Bf3 39. Bd2 Qg4 40. Bxh6 Kxh6 41. Qe3+ Kg7 42. Be2 Bxe2 43. Rxe2 Rh8 44. Ree1 Ree8 45. Qe2 Qd7 46. Qf3 Qxb5 47. Ra7 Qb3 48. Kg2 Qe6 49. Rb7 Rb8 50. Rxb8 Rxb8 51. Rh1 Rh8 52. Rxh8 Kxh8 53. Qe3 Qd6 54. Kf1 b5 55. Ke2 Kg7 56. g4 b4 57. g5 b3 58. Kd2 Qb6 59. Kc1 Qa5 60. Qg3 Qc3+ 61. Kd1 b2 0-1

[Event "Biel MTO op 52nd"]
[Site "Biel"]
[Date "2019.07.23"]
[Round "2"]
[White "Aryan, Chopra"]
[Black "Wong, Jianwen"]
[Result "1/2-1/2"]
[WhiteElo "2553"]
[BlackElo "2301"]
[PlyCount "123"]
[EventDate "2019.07.22"]
[EventType "swiss"]
[EventRounds "9"]
[EventCountry "SUI"]
[SourceTitle "CBM 191 Extra"]
[Source "ChessBase"]
[SourceDate "2019.09.30"]
[SourceVersion "1"]
[SourceVersionDate "2019.09.30"]
[SourceQuality "1"]

1. e4 c5 2. Nf3 Nc6 3. d4 cxd4 4. Nxd4 Nf6 5. Nc3 e5 6. Ndb5 d6 7. Bg5 a6 8. Na3 b5 9. Bxf6 gxf6 10. Nd5 Bg7 11. Bd3 Ne7 12. Nxe7 Qxe7 13. c4 f5 14. 0-0 0-0 15. Qf3 Qb7 16. exf5 Qxf3 17. gxf3 e4 18. Bxe4 d5 19. Bxd5 Bxf5 20. Bxa8 Rxa8 21. Rae1 Bd3 22. b3 Bf8 23. c5 Rc8 24. b4 a5 25. Rc1 axb4 26. Rfd1 Bh6 27. Rxd3 Bxc1 28. Nc2 Rxc5 29. Nxb4 Rc4 30. Rb3 Ba3 31. Nd5 b4 32. Re3 Rc2 33. Re8+ Kg7 34. Ra8 Rd2 35. Ra5 Kf8 36. Ra8+ Kg7 37. Ra5 Kf8 38. Rb5 Kg7 39. f4 Rxa2 40. Nxb4 Bxb4 41. Rxb4 Kg6 42. Kg2 Ra3 43. f3 Ra2+ 44. Kg3 Ra1 45. Rb6+ f6 46. Rb7 h6 47. Rb5 f5 48. Rb6+ Kg7 49. h4 h5 50. Kf2 Ra3 51. Rb1 Kf6 52. Rb6+ Kg7 53. Ke2 Rc3 54. Rd6 Ra3 55. Rd3 Ra1 56. Rd7+ Kg6 57. Rd6+ Kg7 58. Ke3 Ra4 59. Rd4 Ra3+ 60. Rd3 Ra4 61. Rd4 Ra3+ 62. Rd3 1/2-1/2

[Event "Paracin Summer op-A 12th"]
[Site "Paracin"]
[Date "2019.07.12"]
[Round "9"]
[White "Wong, Jianwen"]
[Black "Baylav, Can"]
[Result "1/2-1/2"]
[WhiteElo "2301"]
[BlackElo "2120"]
[PlyCount "68"]
[EventDate "2019.07.05"]
[EventType "swiss"]
[EventRounds "9"]
[EventCountry "SRB"]
[SourceTitle "EXT 2022"]
[Source "ChessBase"]
[SourceDate "2021.10.06"]
[SourceVersion "1"]
[SourceVersionDate "2021.10.06"]
[SourceQuality "1"]

1. Nf3 Nf6 2. d4 g6 3. c4 Bg7 4. e3 0-0 5. Be2 c6 6. 0-0 d5 7. Nc3 Nbd7 8. cxd5 cxd5 9. Qb3 e6 10. Bd2 Ne4 11. Rac1 a6 12. Na4 b5 13. Nc5 Nxd2 14. Nxd2 Nb6 15. Nf3 Nc4 16. Qc2 f6 17. b3 Nd6 18. Rfd1 g5 19. h3 Ra7 20. Bd3 f5 21. Ne5 Qe8 22. Qd2 Bxe5 23. dxe5 Ne4 24. Qa5 Qf7 25. Qb6 g4 26. g3 gxh3 27. Rc2 Re7 28. Kh2 Qg6 29. Rg1 Rg7 30. Nxe4 fxe4 31. Bf1 Rgf7 32. Bxh3 Rxf2+ 33. Rxf2 Rxf2+ 34. Rg2 Rf8 1/2-1/2

[Event "Paracin Summer op-A 12th"]
[Site "Paracin"]
[Date "2019.07.10"]
[Round "7"]
[White "Wong, Jianwen"]
[Black "Zavgorodniaya, Alena"]
[Result "0-1"]
[WhiteElo "2301"]
[BlackElo "2128"]
[PlyCount "45"]
[EventDate "2019.07.05"]
[EventType "swiss"]
[EventRounds "9"]
[EventCountry "SRB"]
[SourceTitle "EXT 2020"]
[Source "ChessBase"]
[SourceDate "2019.10.17"]
[SourceVersion "1"]
[SourceVersionDate "2019.10.17"]
[SourceQuality "1"]

1. c4 Nf6 2. g3 g6 3. Bg2 d5 4. cxd5 Nxd5 5. Nc3 Nxc3 6. bxc3 Bg7 7. Rb1 Nc6 8. Qa4 0-0 9. Nf3 e5 10. 0-0 e4 11. Nd4 Bxd4 12. cxd4 Nxd4 13. Bb2 c5 14. Bxd4 Qxd4 15. Qxd4 cxd4 16. Bxe4 Rb8 17. Rb4 Rd8 18. Rfb1 b6 19. a4 Rd6 20. Bd3 Bh3 21. Ba6 Rbd8 22. Rc1 Kg7 23. f3 0-1

[Event "Paracin Summer op-A 12th"]
[Site "Paracin"]
[Date "2019.07.09"]
[Round "6"]
[White "Wong, Jianwen"]
[Black "Sapale, Saloni"]
[Result "1/2-1/2"]
[WhiteElo "2301"]
[BlackElo "2151"]
[PlyCount "63"]
[EventDate "2019.07.05"]
[EventType "swiss"]
[EventRounds "9"]
[EventCountry "SRB"]
[SourceTitle "EXT 2022"]
[Source "ChessBase"]
[SourceDate "2021.10.06"]
[SourceVersion "1"]
[SourceVersionDate "2021.10.06"]
[SourceQuality "1"]

1. d4 Nf6 2. Nf3 g6 3. e3 Bg7 4. c4 c6 5. Be2 0-0 6. 0-0 d5 7. Nc3 Nbd7 8. cxd5 Nxd5 9. e4 Nxc3 10. bxc3 e5 11. Re1 Re8 12. Bc4 Nb6 13. Bb3 exd4 14. cxd4 c5 15. Bg5 Qc7 16. dxc5 Qxc5 17. Rc1 Qb4 18. Rc7 Be6 19. Rxb7 h6 20. Bf4 Rad8 21. Bxe6 Rxd1 22. Bxf7+ Kh7 23. Rxd1 Qxe4 24. Bxe8 Qxb7 25. Rd6 g5 26. Bg6+ Kg8 27. Rd8+ Bf8 28. Bd6 Nd7 29. Ne5 Nxe5 30. Bxe5 Qb6 31. Bc2 Qxd8 32. Bb3+ 1/2-1/2

[Event "Penang Mini op 2nd"]
[Site "Penang"]
[Date "2019.06.07"]
[Round "6"]
[White "Villanueva, Nelson"]
[Black "Wong, Jianwen"]
[Result "1-0"]
[WhiteElo "2103"]
[BlackElo "2287"]
[PlyCount "157"]
[EventDate "2019.06.05"]
[EventType "swiss"]
[EventRounds "9"]
[EventCountry "MAS"]
[SourceTitle "CBM 190 Extra"]
[Source "ChessBase"]
[SourceDate "2019.07.15"]
[SourceVersion "1"]
[SourceVersionDate "2019.07.15"]
[SourceQuality "1"]

1. d4 Nf6 2. c4 e5 3. dxe5 Ng4 4. e3 Nxe5 5. Nf3 Nxf3+ 6. Qxf3 g6 7. Bd2 Bg7 8. Bc3 0-0 9. Bxg7 Kxg7 10. Nc3 d6 11. h4 h5 12. Qf4 Be6 13. Rc1 Nd7 14. Be2 a6 15. 0-0 Qf6 16. Qxf6+ Nxf6 17. Rfd1 Rfd8 18. Nd5 Rac8 19. Bf3 Bg4 20. Bxg4 Nxg4 21. Rc3 Nf6 22. Rb3 b6 23. Ne7 Ra8 24. Nd5 Rac8 25. Rbd3 Nxd5 26. cxd5 c5 27. dxc6 Rxc6 28. a4 Kf6 29. Rb3 Rc4 30. Rxb6 Rxa4 31. Rdxd6+ Rxd6 32. Rxd6+ Ke7 33. Rb6 Rxh4 34. f4 g5 35. Rxa6 gxf4 36. Ra4 Rg4 37. Rxf4 Rg5 38. Kf2 Ke6 39. b4 Rd5 40. Rd4 Rf5+ 41. Kg3 Rg5+ 42. Kf3 Rf5+ 43. Rf4 Rd5 44. Rc4 Rd2 45. g3 Rb2 46. Rc6+ Ke7 47. Rb6 Kd7 48. b5 Rb4 49. Rf6 Rxb5 50. Rxf7+ Ke6 51. Rf8 Rb1 52. Rh8 Rf1+ 53. Ke4 Rg1 54. Kf3 Rf1+ 55. Kg2 Re1 56. Kf2 Rh1 57. Rf8 Ra1 58. Rf4 Ra5 59. Kg2 Ra3 60. e4 Ke5 61. Rf5+ Kxe4 62. Rxh5 Ra8 63. Kh3 Rg8 64. g4 Kf4 65. Rf5+ Ke4 66. Kh4 Rh8+ 67. Rh5 Rg8 68. Rh6 Ke5 69. g5 Rf8 70. Kh5 Kf5 71. Rh7 Ke6 72. g6 Rf1 73. Kh6 Rh1+ 74. Kg7 Rg1 75. Rh2 Ra1 76. Rf2 Rh1 77. Kg8 Ra1 78. g7 Ke7 79. Rh2 1-0

[Event "Budapest Spring op"]
[Site "Budapest"]
[Date "2019.04.16"]
[Round "8"]
[White "Wong, Jianwen"]
[Black "Popovics, Adam"]
[Result "1/2-1/2"]
[WhiteElo "2185"]
[BlackElo "2375"]
[PlyCount "116"]
[EventDate "2019.04.09"]
[EventType "swiss"]
[EventRounds "9"]
[EventCountry "HUN"]
[SourceTitle "CBM 190 Extra"]
[Source "ChessBase"]
[SourceDate "2019.07.15"]
[SourceVersion "1"]
[SourceVersionDate "2019.07.15"]
[SourceQuality "1"]

1. c4 Nf6 2. g3 g6 3. Bg2 Bg7 4. Nc3 0-0 5. e4 d6 6. Nge2 e5 7. 0-0 Nc6 8. d3 Nh5 9. Be3 Nd4 10. Qd2 c6 11. Bg5 f6 12. Be3 f5 13. Bg5 Qe8 14. Nxd4 exd4 15. Ne2 fxe4 16. dxe4 Be6 17. b3 c5 18. a4 b6 19. h3 Qf7 20. g4 d3 21. Qxd3 Bxa1 22. Rxa1 Qxf2+ 23. Kh2 Ng7 24. Rf1 Qxf1 25. Bxf1 Rxf1 26. Nf4 Re1 27. Qc3 Rxe4 28. Qf3 d5 29. cxd5 Rxf4 30. Bxf4 Bd7 31. Be5 Rf8 32. Qg3 Rf7 33. Bc3 h6 34. Qb8+ Ne8 35. Kg3 Kh7 36. Be5 c4 37. bxc4 Bxa4 38. Qd8 Bd7 39. Qa8 Ba4 40. Bd4 Ng7 41. Bxb6 Bb3 42. Bxa7 Bxc4 43. d6 Be6 44. Bd4 Bd7 45. Be5 Be6 46. Bf4 h5 47. Be5 Bd7 48. Kh4 Be6 49. Qe4 Bd7 50. Bc3 Ne6 51. Bd2 Ng7 52. Qe3 Kg8 53. Qh6 hxg4 54. hxg4 Rf1 55. Qe3 Ne6 56. Qd3 Rh1+ 57. Kg3 Rg1+ 58. Kf3 Rxg4 1/2-1/2

[Event "Budapest FS04 IM"]
[Site "Budapest"]
[Date "2019.04.06"]
[Round "7"]
[White "Wong, Jianwen"]
[Black "To, Nhat Minh"]
[Result "0-1"]
[WhiteElo "2185"]
[BlackElo "2347"]
[PlyCount "134"]
[EventDate "2019.03.30"]
[EventType "tourn"]
[EventRounds "9"]
[EventCountry "HUN"]
[SourceTitle "CBM 189 Extra"]
[Source "ChessBase"]
[SourceDate "2019.06.03"]
[SourceVersion "1"]
[SourceVersionDate "2019.06.03"]
[SourceQuality "1"]

1. c4 e5 2. g3 Nf6 3. Bg2 d5 4. cxd5 Nxd5 5. Nc3 Nb6 6. Nf3 Nc6 7. 0-0 Be7 8. d3 0-0 9. Be3 Be6 10. Rc1 Nd5 11. Nxd5 Bxd5 12. Qa4 f6 13. Nd2 Bxg2 14. Kxg2 Qd5+ 15. Kg1 a6 16. Qb3 Qxb3 17. Nxb3 Bd6 18. Nc5 Bxc5 19. Rxc5 Rf7 20. Rfc1 Rd8 21. Kf1 Rdd7 22. f4 exf4 23. gxf4 Rfe7 24. Bd2 Nd4 25. e3 Ne6 26. R5c3 f5 27. Kf2 c6 28. Rb3 Rd5 29. Rbc3 Kf7 30. b4 h6 31. h4 Kg6 32. Be1 Kh5 33. Kf3 Red7 34. Ke2 Kg4 35. Bf2 a5 36. bxa5 Rxa5 37. a3 Rb5 38. Rg1+ Kh5 39. Kf3 Rb2 40. e4 Nxf4 41. Kxf4 Rxf2+ 42. Ke5 Rf7 43. Ke6 fxe4 44. dxe4 R2f6+ 45. Ke5 Re7+ 46. Kd4 Rf4 47. Rc5+ Kxh4 48. Re5 Ref7 49. Rc5 Rf3 50. a4 g5 51. a5 g4 52. a6 bxa6 53. Rxc6 h5 54. e5 R7f4+ 55. Kd5 Rf1 56. Rg2 R4f2 57. Rxf2 Rxf2 58. e6 Re2 59. Rc4 Kg5 60. Kd6 g3 61. Rc8 h4 62. e7 h3 63. Rg8+ Kf4 64. Rf8+ Kg4 65. Rg8+ Kf3 66. Rf8+ Kg2 67. Rf6 h2 0-1

[Event "Budapest FS04 IM"]
[Site "Budapest"]
[Date "2019.04.03"]
[Round "5"]
[White "Wong, Jianwen"]
[Black "Farago, Ivan"]
[Result "1-0"]
[WhiteElo "2185"]
[BlackElo "2363"]
[PlyCount "81"]
[EventDate "2019.03.30"]
[EventType "tourn"]
[EventRounds "9"]
[EventCountry "HUN"]
[SourceTitle "CBM 189 Extra"]
[Source "ChessBase"]
[SourceDate "2019.06.03"]
[SourceVersion "1"]
[SourceVersionDate "2019.06.03"]
[SourceQuality "1"]

1. c4 Nf6 2. g3 e6 3. Bg2 d5 4. Nf3 dxc4 5. Na3 Bxa3 6. bxa3 0-0 7. Bb2 Nc6 8. 0-0 Rb8 9. Qc2 b5 10. d3 Nd5 11. Rfd1 Qe7 12. h4 h6 13. dxc4 bxc4 14. e4 Nb6 15. e5 Bb7 16. Nd2 Rfd8 17. Nxc4 Qc5 18. Rdc1 Nxc4 19. Qxc4 Rd1+ 20. Bf1 Qxc4 21. Rxc4 Rxa1 22. Bxa1 Rd8 23. Rc2 Rc8 24. Bg2 Nd8 25. Bd4 Bxg2 26. Kxg2 Nb7 27. Rc6 Nd8 28. Rc3 Nb7 29. Bxa7 c5 30. Rb3 Rc7 31. a4 c4 32. Rc3 Rc6 33. Be3 Kf8 34. h5 Ke7 35. Kf3 Kd7 36. Ke4 Na5 37. Kd4 Rc8 38. Ke4 Kc6 39. Rc2 Ra8 40. g4 Rd8 41. Bd2 1-0

[Event "Titled Tuesday intern op 5th March"]
[Site "Chess.com INT"]
[Date "2019.03.05"]
[Round "3"]
[White "Wong, Jianwen"]
[Black "Trent, Lawrence"]
[Result "1-0"]
[WhiteElo "2185"]
[BlackElo "2384"]
[PlyCount "87"]
[EventDate "2019.03.05"]
[EventType "swiss (blitz)"]
[EventRounds "10"]
[EventCountry "USA"]
[SourceTitle "EXT 2021"]
[Source "ChessBase"]
[SourceDate "2020.10.23"]
[SourceVersion "1"]
[SourceVersionDate "2020.10.23"]
[SourceQuality "1"]

1. d4 Nf6 2. Nc3 d5 3. Bf4 a6 4. e3 Bf5 5. Bd3 Bxd3 6. cxd3 e6 7. Nf3 Bd6 8. Bg3 0-0 9. 0-0 Qe7 10. Rc1 Nbd7 11. e4 Bxg3 12. hxg3 c6 13. Qe2 Rfe8 14. a3 h6 15. Qe3 Qd8 16. Qf4 Qb8 17. e5 Nh7 18. g4 f6 19. Rfe1 Ng5 20. Nxg5 fxg5 21. Qe3 Rf8 22. g3 Qe8 23. Kg2 Qg6 24. b4 Rf7 25. f3 Raf8 26. Rf1 Re8 27. Rf2 Nf8 28. a4 h5 29. gxh5 Qxh5 30. Rh1 Qg6 31. g4 Nh7 32. Ne2 Ref8 33. Rh3 Rf4 34. Rf1 Kf7 35. Nxf4 gxf4 36. Qxf4+ Ke8 37. Qe3 Ng5 38. Rh5 Nxf3 39. Kh3 Qf7 40. Kg3 g6 41. Rhh1 Qe7 42. Rxf3 Qxb4 43. Rxf8+ Qxf8 44. Qf4 1-0

[Event "Titled Tuesday intern op 2nd Febr"]
[Site "Chess.com INT"]
[Date "2019.02.05"]
[Round "4"]
[White "Amonatov, Farrukh"]
[Black "Wong, Jianwen"]
[Result "0-1"]
[WhiteElo "2624"]
[BlackElo "2185"]
[PlyCount "124"]
[EventDate "2019.02.05"]
[EventType "swiss (blitz)"]
[EventRounds "10"]
[EventCountry "USA"]
[SourceTitle "EXT 2021"]
[Source "ChessBase"]
[SourceDate "2020.10.23"]
[SourceVersion "1"]
[SourceVersionDate "2020.10.23"]
[SourceQuality "1"]

1. e4 d5 2. exd5 Qxd5 3. Nc3 Qa5 4. d4 Nf6 5. Nf3 Nc6 6. Bb5 Nd5 7. Bd2 Nxc3 8. Bxc6+ bxc6 9. Bxc3 Qd5 10. 0-0 Bg4 11. Re1 Bxf3 12. Qxf3 Qxf3 13. gxf3 e6 14. Ba5 0-0-0 15. Rad1 Be7 16. c4 Bf6 17. Bc3 Rd7 18. Rd2 Rhd8 19. Red1 c5 20. d5 Bxc3 21. bxc3 Rd6 22. Kg2 c6 23. Rb2 exd5 24. cxd5 cxd5 25. Rdb1 Rb6 26. Rxb6 axb6 27. Rxb6 Kc7 28. Ra6 Kb7 29. Ra3 Kb6 30. Kf1 Rd6 31. Rb3+ Kc6 32. a4 Rh6 33. Kg2 Rg6+ 34. Kf1 Rh6 35. Kg1 Rh4 36. Ra3 Kb6 37. a5+ Ka6 38. Kg2 Rh6 39. Ra1 Rg6+ 40. Kf1 Rh6 41. Kg2 Rg6+ 42. Kh3 d4 43. cxd4 cxd4 44. f4 d3 45. f5 Rd6 46. Kg3 d2 47. Rd1 Kxa5 48. Kf3 Kb4 49. Ke2 Kc3 50. Ra1 d1Q+ 51. Rxd1 Rxd1 52. Kxd1 Kd3 53. f6 g6 54. Ke1 h5 55. Kf1 Ke4 56. Kg2 Kf4 57. Kh3 g5 58. Kg2 Kf5 59. h4 g4 60. f3 Kxf6 61. Kg3 gxf3 62. Kxf3 Kf5 0-1